The Basic English-Chinese Chinese-English Dictionary (Record no. 11512)

MARC details
000 -LEADER
fixed length control field 00548nam a2200205 a 4500
001 - CONTROL NUMBER
control field 0001-1512
003 - CONTROL NUMBER IDENTIFIER
control field ELIB.Books
008 - FIXED-LENGTH DATA ELEMENTS--GENERAL INFORMATION
fixed length control field 170517 2010 eng
020 ## - INTERNATIONAL STANDARD BOOK NUMBER
International Standard Book Number 0451082627
092 ## - LOCALLY ASSIGNED DEWEY CALL NUMBER (OCLC)
Classification number 495.1 Ber
Item number Peter M.Bergman
100 ## - MAIN ENTRY--PERSONAL NAME
Personal name Peter M.Bergman
245 ## - TITLE STATEMENT
Title The Basic English-Chinese Chinese-English Dictionary
260 ## - PUBLICATION, DISTRIBUTION, ETC. (IMPRINT)
Place of publication, distribution, etc. New York
Name of publisher, distributor, etc. A Signet Book Press
Date of publication, distribution, etc. 1980
300 ## - PHYSICAL DESCRIPTION
Extent 84
Dimensions 17.5cm
650 ## - SUBJECT ADDED ENTRY--TOPICAL TERM
Topical term or geographic name as entry element Chinese
942 ## - ADDED ENTRY ELEMENTS (KOHA)
Source of classification or shelving scheme Dewey Decimal Classification
Koha item type Books
990 ## - EQUIVALENCES OR CROSS-REFERENCES [LOCAL, CANADA]
Link information for 9XX fields 1
998 ## - LOCAL CONTROL INFORMATION (RLIN)
-- Englishbooks.elf
Cataloger's initials, CIN (RLIN) cat
-- 2017-05-17
Holdings
Withdrawn status Lost status Source of classification or shelving scheme Damaged status Not for loan Home library Current library Date acquired Total Checkouts Barcode Date last seen Bill Date Koha item type
    Dewey Decimal Classification     Karen Baptist Theological Seminary Library Karen Baptist Theological Seminary Library 17/05/2017   13827 22/01/2022 22/01/2022 Books
Implemented & Customized by: BestBookBuddies

Powered by Koha